000 00949nam a2200217Ia 4500
001 11285
003 GE_BSU
008 181216s||||||||xx |||||||||||||| ||und||
040 _cGE_BSU
080 _a547(075.8)
100 _aგაბრიაძე დ.
245 _aორგანული ქიმია ნაწ II კარბოციკლური და ჰეტეროციკლური ნაერთები
245 _bსახელმძღვან. პედაგოგ. ინ-ტის სტუდენტებისათვის
245 _cრედ: შ. მიქაძე
260 _aთბილისი
260 _bგანათლება.
260 _c1987
300 _a445გვ.22სმ.
653 _aორგანული ქიმია ნაწ II კარბოციკლური და ჰეტეროციკლური ნაერთები
942 _cBK
999 _c44487
_d44487